Empresas de los trabajadores: de la utopía a la realidad /
Guardado en:
| 主要作者: | |
|---|---|
| 格式: | Texto |
| 標簽: |
添加標簽
沒有標簽, 成為第一個標記此記錄!
|
MARC
| LEADER | 00000 a a2200000 04500 | ||
|---|---|---|---|
| 001 | 46005 | ||
| 003 | |||
| 040 | |a CRAI/IIS |c CRAI/IIS | ||
| 100 | |a Cajina G., Johnny | ||
| 245 | |a Empresas de los trabajadores: |b de la utopía a la realidad / |c Johnny Cajina G. | ||
| 773 | |g volumen17, número412 (1997), páginas 21-23 : foto | ||
| 999 | |c 18545 |d 18545 | ||
